PCAL, Pla de cooperació i assistència local 1988 - 1999 : memòria de dotze anys de treball colze a colze amb els ajuntaments memòria de dotze anys de treball colze a colze amb els ajuntaments
Publicado:
Barcelona :
Diputació de Barcelona. Àrea de Cooperació. Oficina de la Xarxa Barcelona Municipis de Qualitat ,
2003
Descripción Física:
72 p. : il., map., gràf. ; 29 cm
MARC
| LEADER | 00000nam a2200000Ia 4500 | ||
|---|---|---|---|
| 001 | 22057 | ||
| 008 | 160829s2003 xx 000 0 cat d | ||
| 080 | |a M-6-282 | ||
| 245 | |a PCAL, Pla de cooperació i assistència local 1988 - 1999 : |b memòria de dotze anys de treball colze a colze amb els ajuntaments | ||
| 260 | |a Barcelona : |b Diputació de Barcelona. Àrea de Cooperació. Oficina de la Xarxa Barcelona Municipis de Qualitat, |c 2003 | ||
| 300 | |a 72 p. : |b il., map., gràf. ; |c 29 cm | ||
| 610 | 2 | 0 | |a Pla de Cooperació i Assistència Local |v Revistes |9 55244 |
| 710 | 2 | |a Xarxa Barcelona Municipis de Qualitat |9 41491 | |
| 710 | 1 | |a Barcelona (Catalunya : Província). |b Diputació |9 52408 | |
| 710 | 2 | |a Pla de Cooperació i Assistència Local |9 55243 | |
| 901 | |a Arxiu | ||
| 942 | |n 1 | ||
| 952 | |0 0 |1 0 |4 0 |6 M6282 |7 1 |9 49025 |a Arxiu |b Arxiu |d 2016-12-01 |l 0 |o M-6-282 |p 22057 |r 2016-12-01 00:00:00 |w 2016-12-01 |y ARXIU | ||
| 999 | |c 52861 |d 52861 | ||